From followers to leaders (Record no. 1228)

000 -LEADER
fixed length control field 00847nam a22002534a 4500
001 - CONTROL NUMBER
control field 1228
003 - CONTROL NUMBER IDENTIFIER
control field BD-DhUET
008 - FIXED-LENGTH DATA ELEMENTS--GENERAL INFORMATION
fixed length control field 010918s2002 enka b 001 0 eng
020 ## - INTERNATIONAL STANDARD BOOK NUMBER
International Standard Book Number 9780415251761
040 ## - CATALOGING SOURCE
Original cataloging agency DLC
Transcribing agency DLC
Modifying agency BD-DhUET
082 00 - DEWEY DECIMAL CLASSIFICATION NUMBER
Classification number 658.5
Item number FOR/2002
100 ## - MAIN ENTRY--PERSONAL NAME
Personal name Forbes, Naushad
245 10 - TITLE STATEMENT
Title From followers to leaders
Remainder of title managing technology and innovation in newly industrialized countries
250 ## - EDITION STATEMENT
Edition statement 1st ed.
260 ## - PUBLICATION, DISTRIBUTION, ETC. (IMPRINT)
Place of publication, distribution, etc. London
Name of publisher, distributor, etc. Routledge
Date of publication, distribution, etc. 2002
300 ## - PHYSICAL DESCRIPTION
Extent xiv, 214p.
Other physical details ill.
Dimensions 26 cm.
504 ## - BIBLIOGRAPHY, ETC. NOTE
Bibliography, etc Includes bibliographies
650 #0 - SUBJECT ADDED ENTRY--TOPICAL TERM
Topical term or geographic name as entry element Technology-Management
700 ## - ADDED ENTRY--PERSONAL NAME
Personal name Wield, David
856 41 - ELECTRONIC LOCATION AND ACCESS
Uniform Resource Identifier http://www.loc.gov/catdir/toc/fy041/2001048586.html
856 42 - ELECTRONIC LOCATION AND ACCESS
Uniform Resource Identifier http://www.loc.gov/catdir/enhancements/fy0650/2001048586-d.html
856 42 - ELECTRONIC LOCATION AND ACCESS
Uniform Resource Identifier http://www.loc.gov/catdir/enhancements/fy1102/2001048586-b.html
942 ## - ADDED ENTRY ELEMENTS (KOHA)
Koha item type General Book
Holdings
Koha issues (times borrowed) Source of classification or shelving scheme Koha date last seen Koha item type Lost status Copy number Not for loan Koha date last borrowed Withdrawn status Piece designation (barcode) Date acquired Sublocation or collection (holding branch) Price effective from Shelving location Koha out on loan Koha normalized classification for sorting Koha renewals Location (home branch) Damaged status Koha full call number
  2014-09-01General Book 1   1072792014-09-01Central Library, BUET2014-09-01Circulation section 658_000000000000000_5FOR2002 Central Library, BUET 658.5/FOR/2002
1 2016-04-06General Book 2 2016-04-06 1136112015-09-29Central Library, BUET2015-09-29Circulation section2025-11-30658_500000000000000_FOR_20021Central Library, BUET 658.5/FOR/2002
  2017-05-15General Book 3   1072782009-07-29Central Library, BUET2017-05-15Circulation section 658_500000000000000_FOR_2002 Central Library, BUET 658.5/FOR/2002
  2017-09-13General Book 4   1153652017-06-19Central Library, BUET2017-09-13Circulation section 658_500000000000000_FOR_2002 Central Library, BUET 658.5/FOR/2002
1 2017-10-29General Book 5 2017-10-29 1153662017-06-19Central Library, BUET2017-09-13Circulation section2025-11-30658_500000000000000_FOR_20021Central Library, BUET 658.5/FOR/2002